<?xml version="1.0" encoding="UTF-8"?>
<record
    xmlns:xsi="http://www.w3.org/2001/XMLSchema-instance"
    xsi:schemaLocation="http://www.loc.gov/MARC21/slim http://www.loc.gov/standards/marcxml/schema/MARC21slim.xsd"
    xmlns="http://www.loc.gov/MARC21/slim">

  <leader>02297cam a22003854a 4500</leader>
  <controlfield tag="001">14164599</controlfield>
  <controlfield tag="005">20220326193339.0</controlfield>
  <controlfield tag="008">051103s2005    cau      bc   000 0 eng  </controlfield>
  <datafield tag="010" ind1=" " ind2=" ">
    <subfield code="a">  2005032290</subfield>
  </datafield>
  <datafield tag="020" ind1=" " ind2=" ">
    <subfield code="a">0974983136 (alk. paper)</subfield>
  </datafield>
  <datafield tag="020" ind1=" " ind2=" ">
    <subfield code="a">9780974983134 (alk. paper)</subfield>
  </datafield>
  <datafield tag="035" ind1=" " ind2=" ">
    <subfield code="a">(OCoLC)ocm62282148</subfield>
  </datafield>
  <datafield tag="040" ind1=" " ind2=" ">
    <subfield code="a">DLC</subfield>
    <subfield code="c">DLC</subfield>
    <subfield code="d">YDX</subfield>
    <subfield code="d">BAKER</subfield>
    <subfield code="d">PMC</subfield>
    <subfield code="d">BTCTA</subfield>
    <subfield code="d">YDXCP</subfield>
    <subfield code="d">PUL</subfield>
    <subfield code="d">UKTTE</subfield>
    <subfield code="d">DLC</subfield>
  </datafield>
  <datafield tag="041" ind1="0" ind2=" ">
    <subfield code="a">eng</subfield>
    <subfield code="a">spa</subfield>
  </datafield>
  <datafield tag="042" ind1=" " ind2=" ">
    <subfield code="a">pcc</subfield>
  </datafield>
  <datafield tag="043" ind1=" " ind2=" ">
    <subfield code="a">n-mx---</subfield>
  </datafield>
  <datafield tag="082" ind1="0" ind2="0">
    <subfield code="a">709.040.755</subfield>
    <subfield code="b">O771d</subfield>
  </datafield>
  <datafield tag="100" ind1="1" ind2=" ">
    <subfield code="a">Ortega, Dami&#xE1;n.</subfield>
    <subfield code="9">4395</subfield>
  </datafield>
  <datafield tag="245" ind1="1" ind2="0">
    <subfield code="a">Dami&#xE1;n Ortega : the Beetle trilogy and other works =</subfield>
    <subfield code="b">Dami&#xE1;n Ortega : the Beetle trilogy y otras obras.</subfield>
    <subfield code="c">with texts by Eungie Joo, Hari Kunzru, and Alma Ruiz  </subfield>
  </datafield>
  <datafield tag="260" ind1=" " ind2=" ">
    <subfield code="a">Los Angeles :</subfield>
    <subfield code="b">Roy and Edna Disney/CalArts Theater ;</subfield>
    <subfield code="a">[New York] :</subfield>
    <subfield code="b">Distributed by D.A.P./Distributed Arts Publishers,</subfield>
    <subfield code="c">c2005.</subfield>
  </datafield>
  <datafield tag="300" ind1=" " ind2=" ">
    <subfield code="a">200 p. :</subfield>
    <subfield code="b"> ill. (col.) ;</subfield>
    <subfield code="c">28 cm.</subfield>
  </datafield>
  <datafield tag="500" ind1=" " ind2=" ">
    <subfield code="a">Catalog of an exhibition at REDCAT, Los Angeles, Nov. 4, 2005-Jan. 15, 2006.</subfield>
  </datafield>
  <datafield tag="504" ind1=" " ind2=" ">
    <subfield code="a">Includes bibliographical references (p. [189]-[191]).</subfield>
  </datafield>
  <datafield tag="505" ind1=" " ind2=" ">
    <subfield code="t">Redacted  = Tachado// Hari Kunzru </subfield>
    <subfield code="t">Matter and mytheme : a proposition = Materia y mitema, una propuesta // Eungie Joo </subfield>
    <subfield code="t">Subtle violence = Violencia sutil // Dami&#xE1;n Ortega</subfield>
    <subfield code="t">Other Works = Otras obras</subfield>
    <subfield code="t">The Beetle trilogy : interview with Dami&#xE1;n Ortega = The Beetle Trilogy: Entrevista con Dami&#xE1;n Ortega // Alma Ruiz </subfield>
    <subfield code="t">Sketches, maquettes, actions = Bocetos, maquetas, acci&#xF3;n</subfield>
    <subfield code="t">The Beetle Trilogy and other works at REDCAT = The Beetle Trilogy y otras obras a REDCAT</subfield>
  </datafield>
  <datafield tag="530" ind1=" " ind2=" ">
    <subfield code="a">Also issued online.</subfield>
  </datafield>
  <datafield tag="600" ind1="1" ind2="0">
    <subfield code="a">Ortega, Dami&#xE1;n</subfield>
    <subfield code="v">Exhibiciones</subfield>
    <subfield code="9">4396</subfield>
  </datafield>
  <datafield tag="650" ind1=" " ind2="0">
    <subfield code="a">Arte Performance</subfield>
    <subfield code="z">M&#xE9;xico</subfield>
    <subfield code="v">Exhibiciones</subfield>
    <subfield code="9">4397</subfield>
  </datafield>
  <datafield tag="650" ind1=" " ind2="0">
    <subfield code="a">Instalaciones (Arte)</subfield>
    <subfield code="z">M&#xE9;xico</subfield>
    <subfield code="v">Exhibiciones</subfield>
    <subfield code="9">4273</subfield>
  </datafield>
  <datafield tag="650" ind1=" " ind2="0">
    <subfield code="a">Arte Moderno</subfield>
    <subfield code="y">S. 21</subfield>
    <subfield code="9">4353</subfield>
  </datafield>
  <datafield tag="710" ind1="2" ind2=" ">
    <subfield code="a">REDCAT (Art center)</subfield>
    <subfield code="9">4398</subfield>
  </datafield>
  <datafield tag="776" ind1="0" ind2="8">
    <subfield code="i">Online version:</subfield>
    <subfield code="a">Ortega, Dami&#xE1;n.</subfield>
    <subfield code="t">Dami&#xE1;n Ortega.</subfield>
    <subfield code="d">Los Angeles : Roy and Edna Disney/CalArts Theater ; [New York] : Distributed by D.A.P./Distributed Arts Publishers, c2005</subfield>
    <subfield code="w">(OCoLC)607863455</subfield>
  </datafield>
  <datafield tag="856" ind1="4" ind2="1">
    <subfield code="3">Table of contents</subfield>
    <subfield code="u">http://www.loc.gov/catdir/toc/ecip063/2005032290.html</subfield>
  </datafield>
  <datafield tag="906" ind1=" " ind2=" ">
    <subfield code="a">7</subfield>
    <subfield code="b">cbc</subfield>
    <subfield code="c">orignew</subfield>
    <subfield code="d">1</subfield>
    <subfield code="e">ecip</subfield>
    <subfield code="f">20</subfield>
    <subfield code="g">y-gencatlg</subfield>
  </datafield>
  <datafield tag="999" ind1=" " ind2=" ">
    <subfield code="c">809</subfield>
    <subfield code="d">809</subfield>
  </datafield>
  <datafield tag="952" ind1=" " ind2=" ">
    <subfield code="0">0</subfield>
    <subfield code="1">0</subfield>
    <subfield code="2">ddc</subfield>
    <subfield code="4">0</subfield>
    <subfield code="7">0</subfield>
    <subfield code="a">LV</subfield>
    <subfield code="b">LV</subfield>
    <subfield code="c">Monograf&#xED;as</subfield>
    <subfield code="d">2016-01-11</subfield>
    <subfield code="l">0</subfield>
    <subfield code="o">709.040.755 O771d</subfield>
    <subfield code="p">000909</subfield>
    <subfield code="r">2016-01-11 00:00:00</subfield>
    <subfield code="w">2016-01-11</subfield>
    <subfield code="y">01</subfield>
  </datafield>
</record>
